| 000 | 00349nam a2200109Ia 4500 | ||
|---|---|---|---|
| 008 | 180205s9999 xx 000 0 und d | ||
| 020 | _a9715503675 | ||
| 100 | _aHau, Caroline S. | ||
| 245 |
_aNecessary Fictions : _bPhilippine literature and the nation 1946-1980 |
||
| 260 |
_aQuezon City _bAtneo de manila university press _c2000 |
||
| 300 | _a319 pages | ||
| 999 |
_c354825 _d354825 |
||